Statistics for Top 10 most popular place names in USA

Click here to take the quiz!

General Stats

  • This quiz has been taken 19 times
  • The average score is 3 of 10

Answer Stats

PlacesAnswer% Correct
41Springfield
89%
24Washington
67%
25Madison
50%
24Franklin
33%
21Salem
22%
23Chester
11%
26Clinton
11%
21Georgetown
11%
23Marion
11%
22Greenville
6%

Score Distribution

Percentile by Number Answered

Percent of People with Each Score

Your Score History

You have not taken this quiz